000 00508nam a2200181Ia 4500
003 GCL
008 140319s9999 xx 000 0 eng d
040 _aGCL /
_cGCL
082 0 4 _a617.605
_bM A
100 1 _aM. JEDYNAKIEWICZ, NICOLES
245 1 0 _aA PRACTICAL GUIDE TO TECHNOLOGY IN DENTISTRY /
_cM. JEDYNAKIEWICZ, NICOLES
260 _a[S.N] :
_bWADSUARTH PUBBISINT COMPANY ،
_c1992
300 _a193 P
650 0 4 _aMEDICINE
650 0 4 _aDENTIST
650 0 4 _aMEDICAL TECHNOLOGY
942 _2ddc
_cBK
999 _c18909
_d18909